00734nam a2200241 i 4500003000900000005001700009007000300026008004100029040003100070082001700101245005300118250002200171264005300193300004900246336002700295337003200322338002800354500003800382590002600420910001500446942001400461999001700475DO-SdBNP20250321103657.0ta250321b2007 dr ac||| |||| 00| 0 spa d aDO-SdBNPbspacBNPHU erda 4222axxxbxxx03aLa campaña electoral :bregulación y control aprimera edición 1aSanto Domingo :bJunta Central Electoral,c2007. avolumen :bilustraciones, retratos ;c22 cm. atextobtxt2rdacontent asin mediciónbn2rdamedia avolumenbnc2rdacarrier aLa biblioteca poesee el volumen 1 aInventariado, 2025/BT aBtavárez 2ddccLBS1 c58515d58515